000 00745nam a2200241 i 4500
001 C2-0287665
003 PPAK
005 20180728020935.0
008 080225s2004 nyua|||| ||||| | eng d
020 _a0231118791
040 _aPPAK
_beng
_cPPAK
_erda
082 0 4 _a338.477455941
_223
090 0 0 _a338.477455941
_bSHA
_dLCK
100 1 _aShank, Barry,
_eauthor
245 1 2 _aA token of my affection :
_bgreeting cards and American business culture
264 1 _aNew York :
_bColumbia University Press ,
_c2004
300 _axvii, 328 pages :
_billustrations ;
_c20 cm
336 _2rdacontent
_atext
337 _2rdamedia
_aunmediated
338 _2rdacarrier
_avolume
650 1 0 _aGreeting cards industry - History.
942 _ddc
_cB
999 _c93355
_d93355